00374pab a2200133 454500008004000000100002000040245006600060260000900126300001400135362000800149650002400157650001600181773004300197180718b2009 xxu||||| |||| 00| 0 eng d aNirmalaya Kumar aIndian companies as customers, competitiors and collaborators c2009 ap.148-59. aJul aEnterprises - India aEnterprises aIndian Journal of Industrial Relations